| 000 | 00352nam a22001337a 4500 | ||
|---|---|---|---|
| 082 |
_a345.5491 _bIQB |
||
| 100 |
_aM. Iqbal, M.A. _9128381 |
||
| 245 |
_aGeneral Principles of Criminal Law / _cM.A. M. Iqbal |
||
| 260 |
_aLahore : _bPLD Publishers, _c2023. |
||
| 300 | _a127 p. | ||
| 563 | _aHB. | ||
| 650 |
_aLaw, Criminal Law _9128097 |
||
| 942 |
_2ddc _cBK |
||
| 999 |
_c613363 _d613363 |
||